[Event "HUN-chT2 Asztalos 0910"]
[Site "Hungary"]
[Date "2009.11.22"]
[Round "2"]
[White "Kiss, Alpar"]
[Black "Bogar, Peter"]
[Result "1-0"]
[WhiteElo "1664"]
[BlackElo "2006"]
[PlyCount "62"]
[EventDate "2009.11.08"]
[EventType "team-tourn"]
[EventRounds "11"]
[EventCountry "HUN"]
[SourceTitle "EXT 2011"]
[Source "ChessBase"]
[SourceDate "2010.11.26"]
[SourceVersion "1"]
[SourceVersionDate "2010.11.26"]
[SourceQuality "1"]
[WhiteTeam "Pannonpower II"]
[BlackTeam "Decs II"]
[WhiteTeamCountry "HUN"]
[BlackTeamCountry "HUN"]

1. d4 d5 2. Nf3 Nf6 3. c4 c6 4. Nc3 e6 5. Bg5 Nbd7 6. e3 h6 7. Bxf6 Nxf6 8. cxd5 exd5 9. Bd3 Bb4 10. 0-0 0-0 11. Qc2 Re8 12. a3 Ba5 13. b4 Bb6 14. Rfe1 a5 15. b5 Bg4 16. Ne5 c5 17. Nxg4 Nxg4 18. Bf5 cxd4 19. exd4 Qh4 20. Bxg4 Qxg4 21. Nxd5 Bxd4 22. Rac1 Kh8 23. Qd3 Rac8 24. Rxc8 Rxc8 25. h3 Qh4 26. g3 Bxf2+ 27. Kxf2 Qxh3 28. Nf4 Qh2+ 29. Ng2 Qh5 30. Re3 Qc5 31. Nf4 Re8 1-0

[Event "HUN-chT U18"]
[Site "Miskolc"]
[Date "2009.10.30"]
[Round "8.11"]
[White "Bogar, Peter"]
[Black "Wanger, Tamas"]
[Result "0-1"]
[WhiteElo "1940"]
[BlackElo "1663"]
[PlyCount "120"]
[EventDate "2009.10.26"]
[EventType "team-swiss"]
[EventRounds "8"]
[EventCountry "HUN"]
[SourceTitle "EXT 2016"]
[Source "ChessBase"]
[SourceDate "2015.10.08"]
[SourceVersion "1"]
[SourceVersionDate "2015.10.08"]
[SourceQuality "1"]

1. e4 e6 2. d4 d5 3. Nd2 c5 4. Ngf3 Nf6 5. exd5 Nxd5 6. Bd3 Nc6 7. Nb3 cxd4 8. Nbxd4 Nxd4 9. Nxd4 Bb4+ 10. c3 Nxc3 11. bxc3 Bxc3+ 12. Bd2 Bxd4 13. Bb5+ Bd7 14. Bxd7+ Qxd7 15. Rb1 0-0 16. 0-0 Rfd8 17. Bg5 f6 18. Bh4 Qc6 19. Qb3 b6 20. Rfe1 Re8 21. Rbd1 Bc5 22. Bg3 Kh8 23. Rd3 Rad8 24. Red1 Rd6 25. h3 Red8 26. Rxd6 Rxd6 27. Re1 e5 28. a4 Bd4 29. Kh2 Rd8 30. Rd1 Rc8 31. Rb1 Qc4 32. Qxc4 Rxc4 33. a5 Kg8 34. axb6 Bxb6 35. f3 Kf7 36. Be1 Ke6 37. Ra1 Kd5 38. Ba5 Kc5 39. Bxb6+ Kxb6 40. Rb1+ Kc7 41. Ra1 Kb6 42. Rb1+ Ka6 43. Ra1+ Kb7 44. Rb1+ Ka8 45. Ra1 Rc5 46. Kg3 a5 47. Ra2 Ka7 48. Kf2 Ka6 49. Ke3 Rc4 50. Rb2 a4 51. Kd3 Rc7 52. Rb4 Ka5 53. Rb8 Ra7 54. Kc3 Ra6 55. Kc4 Rc6+ 56. Kd3 Rb6 57. Ra8+ Ra6 58. Rb8 a3 59. Kc4 Rc6+ 60. Kb3 Rb6+ 0-1

[Event "HUN-chT U18"]
[Site "Miskolc"]
[Date "2009.10.27"]
[Round "3.10"]
[White "Bogar, Peter"]
[Black "Szajbely, Zsigmond"]
[Result "0-1"]
[WhiteElo "1940"]
[BlackElo "1911"]
[PlyCount "77"]
[EventDate "2009.10.26"]
[EventType "team-swiss"]
[EventRounds "8"]
[EventCountry "HUN"]
[SourceTitle "EXT 2016"]
[Source "ChessBase"]
[SourceDate "2015.10.08"]
[SourceVersion "1"]
[SourceVersionDate "2015.10.08"]
[SourceQuality "1"]

1. e4 g6 2. d4 Bg7 3. Nc3 c6 4. Be3 d5 5. e5 Be6 6. Qd2 Nd7 7. Nge2 a6 8. Nf4 Bf5 9. Be2 h5 10. Bd3 e6 11. Bxf5 exf5 12. 0-0-0 Nf8 13. Nh3 Ne6 14. Ng5 Ne7 15. Ne2 Qc7 16. Kb1 b6 17. Nxe6 fxe6 18. Bg5 c5 19. Nf4 Kf7 20. c3 Nc6 21. Rc1 Na5 22. Qd3 Qd7 23. Qg3 Rag8 24. Rhe1 Bf8 25. Qd3 c4 26. Qg3 Be7 27. Rc2 h4 28. Qf3 Bxg5 29. Rce2 Bxf4 30. Qxf4 g5 31. Qxf5+ exf5 32. e6+ Qxe6 33. Rxe6 Re8 34. R6e5 Rxe5 35. Rxe5 Rd8 36. Rxf5+ Kg6 37. Re5 Kf6 38. Re3 Nb7 39. Rf3+ 0-1

[Event "HUN-chT U18"]
[Site "Miskolc"]
[Date "2008.10.31"]
[Round "8.2"]
[White "Koban, Balint"]
[Black "Bogar, Peter"]
[Result "1/2-1/2"]
[WhiteElo "2210"]
[BlackElo "1955"]
[PlyCount "101"]
[EventDate "2008.10.27"]
[EventType "team-swiss"]
[EventRounds "8"]
[EventCountry "HUN"]
[SourceTitle "EXT 2016"]
[Source "ChessBase"]
[SourceDate "2015.10.08"]
[SourceVersion "1"]
[SourceVersionDate "2015.10.08"]
[SourceQuality "1"]

1. e4 c5 2. Nf3 e6 3. d4 cxd4 4. Nxd4 a6 5. Bd3 Bc5 6. Nb3 Ba7 7. 0-0 d6 8. Qg4 Nf6 9. Qg3 Nc6 10. Nc3 Ne5 11. Be2 b5 12. Bf4 0-0 13. Rad1 Qe7 14. Rxd6 Qxd6 15. Bxe5 Qe7 16. Bd6 Qe8 17. e5 Nd5 18. Ne4 f5 19. exf6 Nxf6 20. Bxf8 Qxf8 21. Nxf6+ Qxf6 22. Qc7 Qf7 23. Qd8+ Qf8 24. Qxf8+ Kxf8 25. Bf3 Rb8 26. Rd1 Ke7 27. Na5 Bd7 28. Bc6 Be8 29. Bxe8 Kxe8 30. Nc6 Ra8 31. Kf1 Bb6 32. c3 Rc8 33. Nb4 a5 34. Nd3 Rd8 35. Ke2 Ke7 36. f3 Kf6 37. Nf2 Rxd1 38. Nxd1 h5 39. Kd3 Ke5 40. g3 g5 41. Ne3 Bc5 42. b3 Be7 43. a4 bxa4 44. bxa4 Bd8 45. c4 Bb6 46. Nf1 Bg1 47. h3 Bf2 48. Kd2 Bb6 49. Kd3 Bf2 50. Ke2 Bb6 51. Kd3 1/2-1/2

[Event "HUN-chT U18"]
[Site "Miskolc"]
[Date "2008.10.29"]
[Round "5.6"]
[White "Zsembery, Aron"]
[Black "Bogar, Peter"]
[Result "1/2-1/2"]
[WhiteElo "1777"]
[BlackElo "1955"]
[PlyCount "55"]
[EventDate "2008.10.27"]
[EventType "team-swiss"]
[EventRounds "8"]
[EventCountry "HUN"]
[SourceTitle "EXT 2016"]
[Source "ChessBase"]
[SourceDate "2015.10.08"]
[SourceVersion "1"]
[SourceVersionDate "2015.10.08"]
[SourceQuality "1"]

1. e4 c5 2. Nf3 e6 3. c4 Nc6 4. d4 cxd4 5. Nxd4 Nf6 6. Nc3 Bb4 7. Nxc6 dxc6 8. Qxd8+ Kxd8 9. Bd3 e5 10. f3 Bc5 11. Ke2 Ke7 12. a3 a6 13. b4 Bd4 14. Bb2 b5 15. Nd1 Bxb2 16. Nxb2 Rd8 17. Bb1 Be6 18. cxb5 axb5 19. Rd1 Ne8 20. Bc2 Rxd1 21. Kxd1 Nc7 22. Nd3 f6 23. Kc1 Bc4 24. Nc5 Ne6 25. Nxe6 Kxe6 26. Kb2 Rd8 27. Kc3 Rd4 28. Rb1 1/2-1/2

[Event "Balatonlelle op-B"]
[Site "Balatonlelle"]
[Date "2006.06.23"]
[Round "7.25"]
[White "Lampersberger, Paul"]
[Black "Bogar, Peter"]
[Result "0-1"]
[WhiteElo "1838"]
[BlackElo "1744"]
[PlyCount "70"]
[EventDate "2006.06.17"]
[EventType "swiss"]
[EventRounds "9"]
[EventCountry "HUN"]
[SourceTitle "EXT 2007"]
[Source "ChessBase"]
[SourceDate "2006.11.23"]
[SourceVersion "1"]
[SourceVersionDate "2006.11.23"]
[SourceQuality "1"]

1. e4 c5 2. Nf3 e6 3. d4 cxd4 4. Nxd4 Nf6 5. Bg5 Nc6 6. c3 Be7 7. Bd3 0-0 8. Nxc6 bxc6 9. 0-0 d5 10. Nd2 Qc7 11. Qe2 e5 12. Kh1 Re8 13. Nb3 Bb7 14. f3 Rad8 15. Rad1 a5 16. Qf2 h6 17. Be3 Nd7 18. a4 Rb8 19. Rd2 Ba8 20. Nc5 Nxc5 21. Bxc5 Bg5 22. Be3 Bxe3 23. Qxe3 Rb3 24. Rff2 Reb8 25. Qc5 Qd8 26. exd5 cxd5 27. Qe3 Qe8 28. Bb5 Qe6 29. Qc5 Qb6 30. Qe7 f6 31. Qd7 Rd8 32. Qf5 Rxb5 33. axb5 Qxb5 34. Qd3 Qa4 35. Qf5 Qa1+ 0-1